Statistics for Deepest Lakes

Click here to take the quiz!

General Stats

  • This quiz has been taken 10 times
  • The average score is 3 of 10

Answer Stats

MetresAnswer% Correct
1642Baikal
78%
1025Caspian Sea
56%
706Malawi
56%
1470Tanganyika
33%
614Great Slave
33%
594Crater
22%
1000Vostok
11%
836O Higgins-San Martin
0%
668Issyk-kul
0%
590Matano
0%

Score Distribution

Percentile by Number Answered

Percent of People with Each Score

Your Score History

You have not taken this quiz